Delay analysis (Record no. 76583)
[ view plain ]
| 000 -LEADER | |
|---|---|
| fixed length control field | 01007cab a2200193 4500 |
| 001 - CONTROL NUMBER | |
| control field | ##L132715 |
| 008 - FIXED-LENGTH DATA ELEMENTS--GENERAL INFORMATION | |
| fixed length control field | 060302n2006 000 0 eng u |
| 035 ## - SYSTEM CONTROL NUMBER | |
| System control number | (Sirsi) u132715 |
| 041 0# - LANGUAGE CODE | |
| Language code of text/sound track or separate title | eng |
| 100 1# - MAIN ENTRY--PERSONAL NAME | |
| Personal name | Palles-Clark, Rob |
| 245 00 - TITLE STATEMENT | |
| Title | Delay analysis |
| Remainder of title | the smart way forward |
| 260 ## - PUBLICATION, DISTRIBUTION, ETC. | |
| Date of publication, distribution, etc. | 2006 |
| 490 #0 - SERIES STATEMENT | |
| Series statement | Contract Journal |
| Volume/sequential designation | 432(6564) 1 March 2006, 31(1) |
| 520 ## - SUMMARY, ETC. | |
| Summary, etc. | Discusses the process involved in making a claim for an extension of time. Argues that the most difficult part of the process is establishing that an event that has or will cause delay is on the critical path of the work. This will differ depending on the life of the project. In an unfinished project, the effect of an event that has occurred, or is likely to occur, is considered prospectively, whilst if a project has been completed it is considered retrospectively. |
| 590 ## - LOCAL NOTE (RLIN) | |
| Local note | IKA140306 |
| 650 24 - SUBJECT ADDED ENTRY--TOPICAL TERM | |
| Topical term or geographic name entry element | MOTHERWELL BRIDGE CONSTRUCTION LTD V MICAFIL VAKUUMTECHNIK |
| 690 ## - LOCAL SUBJECT ADDED ENTRY--TOPICAL TERM (OCLC, RLIN) | |
| Topical term or geographic name as entry element | Construction management |
| 9 (RLIN) | 6230 |
| 942 ## - ADDED ENTRY ELEMENTS (KOHA) | |
| Suppress in OPAC | 0 |
| Withdrawn status | Lost status | Source of classification or shelving scheme | Damaged status | Not for loan | Home library | Current library | Shelving location | Date acquired | Total Checkouts | Full call number | Barcode | Date last seen | Copy number | Price effective from | Koha item type |
|---|---|---|---|---|---|---|---|---|---|---|---|---|---|---|---|
| Dewey Decimal Classification | London | London | Journal article | 02/03/2006 | L132715 | 132715-1001 | 06/08/2019 | 1 | 06/08/2019 | Journal article |